| 000 | 01639cam a2200277 a 4500 | ||
|---|---|---|---|
| 001 | 14069 | ||
| 003 | BD-JhCC | ||
| 005 | 20240914085906.0 | ||
| 008 | 090604s2009 mau 001 0 eng | ||
| 020 | _a 9780452278370 | ||
| 035 | _a(OCoLC)14069 | ||
| 040 |
_aDLC _cDLC _dYDX _dYDXCP _dDLC |
||
| 041 | _aeng | ||
| 050 | 0 | 0 |
_aHD31 _b.D77337 2009 |
| 082 | 0 | 0 |
_a658 _222 _bDRU 1995. |
| 100 | 1 |
_aDrucker, Peter F. _q(Peter Ferdinand), _d1909-2005. |
|
| 245 | 1 | 0 |
_aManaging in a time of great change / _cPeter F. Drucker. |
| 260 |
_aBoston, Mass. : _bHarvard Business Press, _c1995. |
||
| 300 |
_axxvii, 310 p. ; _c25 cm. |
||
| 490 | 0 | _aThe Drucker library | |
| 500 | _aIncludes index. | ||
| 505 | 0 | _aThe theory of the business -- Planning for uncertainty -- The five deadly business sins -- Managing the family business -- Six rules for presidents -- Managing in the network society -- The new society of organizations -- There are three kinds of teams -- The information revolution in retail -- Be data literate : know what to know -- We need to measure, not count -- The information executives need today -- Trade lessons from the world economy -- The U.S. economy's power shift -- Where the new markets are -- The Pacific Rim and the world economy -- China's growth markets -- The end of Japan, Inc.? -- A weak dollar strengthens Japan -- The new superpower : the overseas Chinese -- A century of social transformations -- It profits us to strengthen nonprofits -- Knowledge work and gender roles -- Reinventing government -- Can the democracies win the peace? | |
| 650 | 0 | _aManagement. | |
| 650 | 0 | _aOrganization. | |
| 942 |
_2ddc _cBK |
||
| 999 |
_c14069 _d14069 |
||